5 Biggest Cities in Each European Country - Statistics

General Stats
  • This quiz has been taken 96 times
  • The average score is 118 of 196
Answer Stats
Country City % Correct
Russia Moscow
96%
Albania Tirana
96%
Finland Helsinki
93%
France Marseille
93%
France Paris
93%
Russia St. Petersburg
93%
Austria Vienna
93%
Belgium Antwerp
89%
Switzerland Bern
89%
Germany Frankfurt am Main
89%
Switzerland Geneva
89%
Luxembourg Luxembourg
89%
France Lyon
89%
Belarus Minsk
89%
Norway Oslo
89%
Latvia Riga
89%
Austria Salzburg
89%
Lithuania Vilnius
89%
Switzerland Zurich
89%
Netherlands Amsterdam
86%
Greece Athens
86%
Spain Barcelona
86%
Norway Bergen
86%
Germany Berlin
86%
United Kingdom Birmingham
86%
Slovakia Bratislava
86%
Belgium Brussels
86%
Romania Bucharest
86%
Hungary Budapest
86%
Denmark Copenhagen
86%
Ireland Cork
86%
Ireland Dublin
86%
Sweden Gothenburg
86%
Germany Hamburg
86%
Ukraine Kyiv
86%
United Kingdom Leeds
86%
Austria Linz
86%
Portugal Lisbon
86%
United Kingdom Liverpool
86%
United Kingdom London
86%
Spain Madrid
86%
Sweden Malmö
86%
Italy Milan
86%
Germany Munich
86%
Italy Naples
86%
Portugal Porto
86%
Czech Republic Prague
86%
Iceland Reykjavík
86%
Italy Rome
86%
Netherlands Rotterdam
86%
Bosnia and Herzegovina Sarajevo
86%
Spain Seville
86%
Bulgaria Sofia
86%
Sweden Stockholm
86%
Estonia Tallinn
86%
Greece Thessaloniki
86%
Italy Turin
86%
Spain Valencia
86%
Poland Warsaw
86%
Croatia Zagreb
86%
Serbia Belgrade
82%
Moldova Chișinău
82%
Belgium Ghent
82%
United Kingdom Glasgow
82%
Austria Graz
82%
Austria Innsbruck
82%
Turkey Istanbul
82%
Poland Kraków
82%
Slovenia Ljubljana
82%
Montenegro Podgorica
82%
Kosovo Pristina
82%
North Macedonia Skopje
82%
Netherlands The Hague
82%
France Toulouse
82%
Netherlands Utrecht
82%
Spain Zaragoza
82%
Germany Cologne
79%
Russia Kazan
79%
France Nice
79%
Italy Palermo
79%
Ukraine Donetsk
75%
Ukraine Kharkiv
75%
Belgium Liège
75%
Poland Łódź
75%
Ukraine Odessa
75%
Denmark Aarhus
71%
Switzerland Basel
71%
Czech Republic Brno
71%
Albania Durrës
71%
Netherlands Eindhoven
71%
Croatia Split
71%
Belgium Charleroi
68%
Romania Cluj-Napoca
68%
Lithuania Kaunas
68%
Serbia Novi Sad
68%
Bulgaria Plovdiv
68%
Norway Trondheim
68%
Sweden Uppsala
68%
Poland Wrocław
68%
Hungary Debrecen
64%
Ukraine Dnipro
64%
Switzerland Lausanne
64%
Russia Nizhny Novgorod
64%
Czech Republic Ostrava
64%
Croatia Rijeka
64%
Finland Turku
64%
Portugal Braga
61%
Ireland Galway
61%
Slovenia Maribor
61%
Poland Poznań
61%
Norway Stavanger
61%
Finland Tampere
61%
Bulgaria Varna
61%
Denmark Aalborg
57%
Belarus Brest
57%
Finland Espoo
57%
Greece Heraklion
57%
Ireland Limerick
57%
Serbia Niš
57%
Denmark Odense
57%
Czech Republic Plzeň
57%
Romania Timișoara
57%
Bosnia and Herzegovina Banja Luka
54%
Romania Constanța
54%
Slovakia Košice
54%
Bosnia and Herzegovina Mostar
54%
Russia Samara
54%
Hungary Szeged
54%
Moldova Tiraspol
50%
Bulgaria Burgas
46%
Belarus Gomel
46%
Hungary Pécs
46%
Croatia Zadar
46%
Latvia Daugavpils
43%
Romania Iași
43%
Lithuania Klaipėda
43%
Greece Larissa
43%
Croatia Osijek
43%
Greece Patras
43%
Albania Shkodër
43%
Albania Vlorë
43%
Luxembourg Differdange
39%
Norway Drammen
39%
Denmark Esbjerg
39%
Luxembourg Esch-sur-Alzette
39%
Hungary Miskolc
39%
Estonia Tartu
39%
Sweden Västerås
39%
Ireland Waterford
39%
Slovenia Celje
36%
Luxembourg Dudelange
36%
Kosovo Prizren
36%
Bulgaria Ruse
36%
Moldova Bălți
32%
Montenegro Nikšić
32%
Slovakia Nitra
32%
Finland Vantaa
32%
Belarus Vitebsk
32%
Iceland Akureyri
29%
Albania Elbasan
29%
Serbia Kragujevac
29%
Czech Republic Liberec
29%
Belarus Mogilev
29%
Estonia Narva
29%
Slovakia Prešov
29%
Bosnia and Herzegovina Tuzla
29%
Slovenia Koper
25%
Slovenia Kranj
25%
Latvia Liepāja
25%
Estonia Pärnu
25%
Lithuania Šiauliai
25%
North Macedonia Tetovo
25%
North Macedonia Bitola
21%
Iceland Kópavogur
21%
North Macedonia Kumanovo
21%
Slovakia Žilina
21%
Portugal Amadora
18%
Latvia Jelgava
18%
Serbia Subotica
18%
Portugal Vila Nova de Gaia
18%
Bosnia and Herzegovina Zenica
18%
Montenegro Budva
14%
Iceland Hafnarfjörður
14%
Lithuania Panevėžys
14%
Estonia Kohtla-Järve
11%
Montenegro Pljevlja
11%
North Macedonia Prilep
11%
Moldova Bender
7%
Kosovo Gjilan
7%
Montenegro Herceg Novi
7%
Latvia Jūrmala
7%
Moldova Orhei
7%
Luxembourg Ettelbruck
4%
Iceland Garðabær
4%
Kosovo Gjakova
4%
Kosovo Ferizaj
0%
No matching quizzes found
Score Distribution
Percent of People with Each Score
Percentile by Number Answered
Your Score History
You have not taken this quiz